| 000 | 02155cam a22003735a 4500 | ||
|---|---|---|---|
| 001 | 17637280 | ||
| 003 | EG-ScBUE | ||
| 005 | 20220427134341.0 | ||
| 008 | 130225s2014 enka f b 001 0 eng d | ||
| 020 | _a9781444146608 | ||
| 040 |
_aDLC _beng _erda _cDLC _dEG-ScBUE |
||
| 082 | 0 | 4 |
_222 _a410.18 _bHAL |
| 100 | 1 |
_aHalliday, M. A. K. _q(Michael Alexander Kirkwood), _d1925- _eauthor. _934259 |
|
| 245 | 1 | 0 |
_aHalliday's introduction to functional grammar / _cM.A.K. Halliday ; revised by Christian M.I.M. Matthiessen. |
| 246 | 3 | 0 | _aIntroduction to functional grammar |
| 250 | _aFourth edition. | ||
| 264 | 1 |
_aLondon ; _aNew York : _bRoutledge, _c2014. |
|
| 300 |
_axviii, 786 pages : _billustrations ; _c25 cm |
||
| 336 |
_2rdacontent _atext _btxt |
||
| 337 |
_2rdamedia _aunmediated _bn |
||
| 338 |
_2rdacarrier _avolume _bnc |
||
| 504 | _aIncludes bibliographical references and index. | ||
| 505 | _a Pt. I: THE CLAUSE -- Chapter 1: The architecture of language -- Chapter 2: Towards a functional grammar -- Chapter 3: Clause as message -- Chapter 4: Clause as exchange -- Chapter 5: Clause as representation -- Pt. II: ABOVE, BELOW AND BEYOND THE CLAUSE -- Chapter 6: Below the clause: groups and phases -- Chapter 7: Above the clause: the clause complex -- Chapter 8: Group and phrase complexes -- Chapter 9: Around the clause: cohesion and discourse -- Chapter 10: Beyond the clause: metaphorical modes of expression. | ||
| 520 | _aHalliday's Introduction to Functional Grammar, Fourth Edition, is the standard reference text for systemic functional linguistics and an ideal introduction for you, whether you are an undergraduate or postgraduate interested in the relation between grammar, meaning and discourse. | ||
| 650 | 7 |
_aFunctionalism (Linguistics) _2BUEsh _940300 |
|
| 650 | 7 |
_aGrammar, Comparative and general. _2BUEsh _940503 |
|
| 651 | _2BUEsh | ||
| 653 | _cAugust 2016 | ||
| 653 |
_bHHUUEENN _cOctober2016 |
||
| 655 |
_vReading book _934232 |
||
| 700 | 1 |
_aMatthiessen, Christian M. I. M., _eeditor. _940627 |
|
| 856 |
_uhttp://www.routledge.com/cw/halliday _yCompanion website |
||
| 942 |
_2ddc _e22 _k410.18 HAL _cBB |
||
| 999 |
_c22104 _d22076 |
||